[Event "St Petersburg-ch sf"]
[Site "St Petersburg"]
[Date "2002.??.??"]
[Round "3"]
[White "Polaninov, Aleksy"]
[Black "Pochinkov, Andrey"]
[Result "1-0"]
[WhiteElo "2398"]
[BlackElo "2156"]
[PlyCount "75"]
[EventDate "2002.02.??"]
[EventType "swiss"]
[EventRounds "10"]
[EventCountry "RUS"]
[SourceTitle "EXT 2003"]
[Source "ChessBase"]
[SourceDate "2002.11.25"]
[SourceVersion "1"]
[SourceVersionDate "2002.11.25"]
[SourceQuality "1"]

1. e4 e6 2. d4 d5 3. Nd2 Nf6 4. e5 Nfd7 5. c3 c5 6. Bd3 Nc6 7. Ne2 cxd4 8. cxd4 f6 9. exf6 Nxf6 10. 0-0 Bd6 11. f4 Qb6 12. Nf3 e5 13. fxe5 Nxe5 14. Nxe5 Bxe5 15. Kh1 Bd6 16. Bg5 0-0 17. Bxf6 Rxf6 18. Rxf6 gxf6 19. Qc2 Qc7 20. Nc3 Qf7 21. Nb5 Bf8 22. Nc7 Rb8 23. Nxd5 Be6 24. Bxh7+ Kg7 25. Nf4 Bd6 26. Nxe6+ Qxe6 27. Qg6+ Kf8 28. Bg8 Qe8 29. Qxf6+ Kxg8 30. Qxd6 Rd8 31. Qg3+ Kh7 32. Re1 Qf8 33. Qh4+ Kg8 34. h3 Rd7 35. Re4 Rg7 36. Rg4 Qf1+ 37. Kh2 Qe2 38. Rxg7+ 1-0

[Event "St Petersburg White Nights op"]
[Site "St Petersburg"]
[Date "2001.06.17"]
[Round "9"]
[White "Kovalevskaya, Ekaterina"]
[Black "Polaninov, Aleksy"]
[Result "1/2-1/2"]
[WhiteElo "2506"]
[BlackElo "2359"]
[PlyCount "103"]
[EventDate "2001.06.09"]
[EventType "swiss"]
[EventRounds "9"]
[EventCountry "RUS"]
[SourceTitle "CBM 082 Extra"]
[Source "ChessBase"]
[SourceDate "2001.07.03"]
[SourceVersion "1"]
[SourceVersionDate "2001.07.03"]
[SourceQuality "1"]

1. e4 e6 2. d4 d5 3. Nc3 Nf6 4. Bg5 dxe4 5. Nxe4 Be7 6. Bxf6 gxf6 7. Nf3 f5 8. Ng3 c5 9. Bb5+ Bd7 10. Bxd7+ Qxd7 11. 0-0 cxd4 12. Qxd4 Qxd4 13. Nxd4 Nc6 14. Nxc6 bxc6 15. Rad1 Rd8 16. Rxd8+ Kxd8 17. Rd1+ Kc7 18. Kf1 Bf6 19. b3 h5 20. Ke2 Rg8 21. Nxh5 Be5 22. Ng3 f4 23. Ne4 Rxg2 24. h3 Rh2 25. Rd3 Rh1 26. Ng5 Rc1 27. Kd2 Rf1 28. Nxf7 Bf6 29. Ke2 Rc1 30. Nd6 Bh4 31. Ne4 Rxc2+ 32. Rd2 Rc1 33. Kf3 Rh1 34. Kxf4 Rxh3 35. Ke5 Rf3 36. Kxe6 a5 37. Rd7+ Kb6 38. Rf7 Rxf7 39. Kxf7 Kb5 40. a3 Bxf2 41. Nxf2 a4 42. b4 c5 43. bxc5 Kxc5 44. Ke6 Kc4 45. Ke5 Kb3 46. Kd4 Kxa3 47. Kc3 Ka2 48. Kc2 Ka3 49. Nd3 Ka2 50. Ne5 Ka3 51. Nc6 Ka2 52. Nd4 1/2-1/2

[Event "St Petersburg-ch"]
[Site "St Petersburg"]
[Date "2001.04.21"]
[Round "11"]
[White "Polaninov, Aleksy"]
[Black "Ivanov, Sergey"]
[Result "0-1"]
[WhiteElo "2359"]
[BlackElo "2547"]
[PlyCount "100"]
[EventDate "2001.04.10"]
[EventType "tourn"]
[EventRounds "11"]
[EventCountry "RUS"]
[EventCategory "9"]
[SourceTitle "CBM 083"]
[Source "ChessBase"]
[SourceDate "2001.07.05"]
[SourceVersion "1"]
[SourceVersionDate "2001.07.05"]
[SourceQuality "1"]

1. e4 c5 2. Nf3 Nc6 3. Bb5 d6 4. 0-0 Bd7 5. Re1 Nf6 6. c3 a6 7. Bf1 Bg4 8. h3 Bh5 9. d3 e6 10. Nbd2 Be7 11. a3 d5 12. b4 cxb4 13. axb4 d4 14. b5 axb5 15. Rxa8 Qxa8 16. cxd4 Nxd4 17. g4 Nxf3+ 18. Qxf3 Bg6 19. d4 0-0 20. Qe3 h5 21. g5 Ne8 22. Bxb5 Qa5 23. Bxe8 Rxe8 24. Nc4 Qb4 25. Ne5 Bxg5 26. Qe2 Bxc1 27. Rxc1 Qxd4 28. Nxg6 fxg6 29. Rc7 b6 30. Qc4 Qxc4 31. Rxc4 Rb8 32. Rb4 b5 33. Kf1 g5 34. Ke2 Kf7 35. Kd3 e5 36. Kc3 Kf6 37. f3 g4 38. fxg4 hxg4 39. hxg4 Kg5 40. Rb1 b4+ 41. Kb3 Kxg4 42. Rf1 g5 43. Rf5 Kh4 44. Rxe5 g4 45. Re7 Rg8 46. Rh7+ Kg5 47. Kxb4 g3 48. Rh1 g2 49. Rg1 Kf4 50. e5 Kxe5 0-1

[Event "St Petersburg-ch"]
[Site "St Petersburg"]
[Date "2001.04.18"]
[Round "8"]
[White "Popov, Valerij"]
[Black "Polaninov, Aleksy"]
[Result "1-0"]
[WhiteElo "2545"]
[BlackElo "2359"]
[PlyCount "69"]
[EventDate "2001.04.10"]
[EventType "tourn"]
[EventRounds "11"]
[EventCountry "RUS"]
[EventCategory "9"]
[SourceTitle "CBM 083"]
[Source "ChessBase"]
[SourceDate "2001.07.05"]
[SourceVersion "1"]
[SourceVersionDate "2001.07.05"]
[SourceQuality "1"]

1. d4 d6 2. c4 Nf6 3. Nc3 g6 4. e4 Bg7 5. Be2 0-0 6. Nf3 Bg4 7. Be3 Nfd7 8. Qb3 Qc8 9. Rd1 Nc6 10. d5 Nce5 11. Nxe5 Bxe2 12. Nxg6 fxg6 13. Nxe2 Nc5 14. Bxc5 dxc5 15. 0-0 c6 16. Rd2 Qc7 17. g3 Bh6 18. f4 Rad8 19. Qe3 e5 20. dxe6 Qe7 21. Rfd1 Rxd2 22. Rxd2 Qxe6 23. e5 Qxc4 24. Rd7 b6 25. Rxa7 Qe6 26. Qd3 Rf7 27. Qd8+ Bf8 28. Qxb6 g5 29. Rxf7 Kxf7 30. Qc7+ Kg8 31. fxg5 Bg7 32. Qb8+ Kf7 33. Nf4 Qxe5 34. Qxe5 Bxe5 35. b3 1-0

[Event "St Petersburg-ch"]
[Site "St Petersburg"]
[Date "2001.04.13"]
[Round "4"]
[White "Utkin, Aleksey"]
[Black "Polaninov, Aleksy"]
[Result "1/2-1/2"]
[WhiteElo "2345"]
[BlackElo "2359"]
[PlyCount "116"]
[EventDate "2001.04.10"]
[EventType "tourn"]
[EventRounds "11"]
[EventCountry "RUS"]
[EventCategory "9"]
[SourceTitle "CBM 083"]
[Source "ChessBase"]
[SourceDate "2001.07.05"]
[SourceVersion "1"]
[SourceVersionDate "2001.07.05"]
[SourceQuality "1"]

1. d4 g6 2. Nf3 Bg7 3. c3 Nf6 4. Bg5 0-0 5. Nbd2 d5 6. e3 c6 7. Be2 Nbd7 8. 0-0 Qe8 9. b4 e5 10. Qb3 e4 11. Ne1 Qe6 12. Nc2 Re8 13. c4 Qf5 14. Bh4 Nf8 15. b5 g5 16. Bg3 Ng6 17. Nb4 cxb5 18. Nxd5 Nxd5 19. cxd5 a6 20. a4 bxa4 21. Rxa4 Bd7 22. Ra5 b5 23. Rfa1 Nf4 24. Bf1 Nxd5 25. Rxa6 Rxa6 26. Rxa6 Nf6 27. Ra5 h5 28. h4 gxh4 29. Bxh4 Rb8 30. Bc4 Ng4 31. Bd5 Rc8 32. Ra8 Rxa8 33. Bxa8 Nf6 34. Bxf6 Qxf6 35. Nxe4 Qg6 36. Nc5 Be8 37. Be4 Qg5 38. Qa2 Bf8 39. Qa8 Qe7 40. Qb8 h4 41. Bd3 Bc6 42. Bxb5 Bxb5 43. Qxb5 Qg5 44. Qb8 Qg4 45. Qe5 h3 46. Qg3 Qxg3 47. fxg3 Bh6 48. Nb3 Bxe3+ 49. Kh2 hxg2 50. Kxg2 Kg7 51. Kf3 Bg1 52. Kf4 Kf6 53. Ke4 Bh2 54. Kf4 Bg1 55. g4 Bh2+ 56. Kf3 Kg5 57. Nc5 f5 58. Kg2 Bd6 1/2-1/2

[Event "St Petersburg-ch"]
[Site "St Petersburg"]
[Date "2001.04.12"]
[Round "3"]
[White "Polaninov, Aleksy"]
[Black "Lugovoi, Aleksei"]
[Result "1-0"]
[WhiteElo "2359"]
[BlackElo "2512"]
[PlyCount "103"]
[EventDate "2001.04.10"]
[EventType "tourn"]
[EventRounds "11"]
[EventCountry "RUS"]
[EventCategory "9"]
[SourceTitle "CBM 083"]
[Source "ChessBase"]
[SourceDate "2001.07.05"]
[SourceVersion "1"]
[SourceVersionDate "2001.07.05"]
[SourceQuality "1"]

1. e4 d6 2. d4 Nf6 3. Nc3 g6 4. Nf3 Bg7 5. Be2 0-0 6. 0-0 c5 7. d5 Na6 8. Re1 Nc7 9. Bf4 Rb8 10. a4 b6 11. Qd2 Bb7 12. Bh6 a6 13. Bxg7 Kxg7 14. Rab1 e6 15. dxe6 Nxe6 16. Bc4 Nc7 17. b4 b5 18. axb5 axb5 19. Bf1 c4 20. Nd4 d5 21. e5 Ne4 22. Qe3 Nxc3 23. Qxc3 Ne6 24. g3 Qb6 25. Rbd1 Ra8 26. Qe3 Nxd4 27. Rxd4 Ra2 28. c3 Rfa8 29. h4 Ra1 30. h5 Rxe1 31. Qxe1 Qe6 32. Qe3 Re8 33. h6+ Kg8 34. Rf4 g5 35. Rf6 Qxe5 36. Qxe5 Rxe5 37. Rb6 Re7 38. Bg2 Kf8 39. Rxb5 Rd7 40. Bh3 Rc7 41. Bf5 f6 42. f4 gxf4 43. gxf4 Re7 44. Rc5 Ke8 45. Kf2 d4 46. Rxc4 dxc3 47. b5 Bh1 48. Rc8+ Kf7 49. b6 Bb7 50. Rc7 Rxc7 51. bxc7 Ke7 52. Ke3 1-0

[Event "St Petersburg-ch"]
[Site "St Petersburg"]
[Date "2001.04.10"]
[Round "1"]
[White "Yemelin, Vasily"]
[Black "Polaninov, Aleksy"]
[Result "1/2-1/2"]
[WhiteElo "2522"]
[BlackElo "2359"]
[PlyCount "81"]
[EventDate "2001.04.10"]
[EventType "tourn"]
[EventRounds "11"]
[EventCountry "RUS"]
[EventCategory "9"]
[SourceTitle "CBM 083"]
[Source "ChessBase"]
[SourceDate "2001.07.05"]
[SourceVersion "1"]
[SourceVersionDate "2001.07.05"]
[SourceQuality "1"]

1. e4 e6 2. d4 d5 3. Nd2 Nf6 4. e5 Nfd7 5. c3 c5 6. Bd3 Nc6 7. Ne2 cxd4 8. cxd4 Nb6 9. 0-0 Bd7 10. f4 g6 11. b3 Nb4 12. Bb1 Bb5 13. Nf3 Rc8 14. a3 Rxc1 15. Nxc1 Bxf1 16. axb4 Ba6 17. Qd2 Be7 18. Ra5 Qd7 19. Nd3 Bxd3 20. Bxd3 0-0 21. Rxa7 Nc8 22. Ra2 Bd8 23. g4 Ne7 24. Kg2 Kg7 25. Ra8 f6 26. b5 Ng8 27. Qe3 Bc7 28. Rxf8 Kxf8 29. f5 gxf5 30. gxf5 exf5 31. b6 Bxb6 32. Qf4 Qg7+ 33. Kf1 Qg4 34. Qxf5 Qxf5 35. Bxf5 Ne7 36. Bxh7 Nc6 37. exf6 Bxd4 38. Nxd4 Nxd4 39. b4 Kf7 40. Kf2 Kxf6 41. Ke3 1/2-1/2

[Event "St Petersburg-ch sf"]
[Site "St Petersburg"]
[Date "2001.??.??"]
[Round "8"]
[White "Biriukov, Oleg V"]
[Black "Polaninov, Aleksy"]
[Result "1-0"]
[WhiteElo "2377"]
[BlackElo "2260"]
[PlyCount "79"]
[EventDate "2001.??.??"]
[EventType "swiss"]
[EventRounds "9"]
[EventCountry "RUS"]
[SourceTitle "EXT 2002"]
[Source "ChessBase"]
[SourceDate "2001.11.25"]
[SourceVersion "1"]
[SourceVersionDate "2001.11.25"]
[SourceQuality "1"]

1. d4 g6 2. c4 Bg7 3. e4 Nc6 4. Nf3 d6 5. d5 Nb8 6. Be2 Na6 7. 0-0 Nc5 8. Qc2 Nf6 9. Nc3 c6 10. Be3 cxd5 11. cxd5 0-0 12. b4 Ncd7 13. Nd2 Nb6 14. h3 Bd7 15. Qb3 Rc8 16. Rac1 e6 17. a4 exd5 18. exd5 Rxc3 19. Rxc3 Nfxd5 20. Bxb6 Nxb6 21. Rcc1 Bxa4 22. Qa2 a6 23. Nc4 Bc6 24. Na5 Bd5 25. Qd2 Re8 26. f4 Re4 27. Bf3 Rd4 28. Qe1 Qd7 29. Rd1 Bc4 30. Nxc4 Rxc4 31. Kh1 Rxf4 32. Qe3 Rxb4 33. Rde1 Nc4 34. Qa7 Nb2 35. Bd5 Bd4 36. Rxf7 Qxf7 37. Bxf7+ Kxf7 38. Qb8 a5 39. Qxd6 Kg7 40. Rf1 1-0

[Event "St Petersburg-ch sf"]
[Site "St Petersburg"]
[Date "2001.??.??"]
[Round "4"]
[White "Utkin, Aleksey"]
[Black "Polaninov, Aleksy"]
[Result "0-1"]
[WhiteElo "2302"]
[BlackElo "2260"]
[PlyCount "90"]
[EventDate "2001.??.??"]
[EventType "swiss"]
[EventRounds "9"]
[EventCountry "RUS"]
[SourceTitle "EXT 2002"]
[Source "ChessBase"]
[SourceDate "2001.11.25"]
[SourceVersion "1"]
[SourceVersionDate "2001.11.25"]
[SourceQuality "1"]

1. d4 Nf6 2. Nf3 c5 3. d5 g6 4. Nc3 Bg7 5. e4 d6 6. Bb5+ Nfd7 7. a4 Na6 8. 0-0 Nc7 9. Bf4 Nxb5 10. axb5 0-0 11. Qe2 f6 12. h3 a5 13. Nd2 f5 14. Rfe1 Ne5 15. Bxe5 Bxe5 16. Nc4 f4 17. f3 Bd7 18. Nxe5 dxe5 19. Qc4 b6 20. Na4 Rf6 21. Qe2 Qe8 22. c4 Qb8 23. b3 g5 24. Nb2 Rg6 25. Nd3 Kf7 26. Qb2 Kf6 27. Kf2 Qd6 28. Rh1 h5 29. h4 Rag8 30. Rag1 e6 31. hxg5+ Rxg5 32. Nxf4 Ke7 33. Nxh5 exd5 34. exd5 Qg6 35. g4 Kd6 36. Ng3 Rf8 37. Kg2 Rf4 38. Qb1 Bf5 39. Nxf5+ Rgxf5 40. Rh6 Qxh6 41. gxf5 e4 42. Qe1 Rxf3 43. Rh1 Qg5+ 44. Kh2 Qh5+ 45. Kg2 Qg4+ 0-1